[Event "GER-ch U12"]
[Site "Willingen"]
[Date "2008.05.12"]
[Round "4"]
[White "Puffay, Jana"]
[Black "Aslan, Dersim"]
[Result "1-0"]
[WhiteElo "1047"]
[BlackElo "1319"]
[PlyCount "145"]
[EventDate "2008.05.11"]
[EventType "swiss"]
[EventRounds "11"]
[EventCountry "GER"]
[SourceTitle "CBM 124 Extra"]
[Source "ChessBase"]
[SourceDate "2008.07.03"]
[SourceVersion "1"]
[SourceVersionDate "2008.07.03"]
[SourceQuality "1"]

1. e4 c5 2. Nf3 Nc6 3. d4 cxd4 4. Nxd4 Nf6 5. Nc3 g6 6. Be3 Bg7 7. Bc4 0-0 8. 0-0 a6 9. Qd2 Qc7 10. a3 Ng4 11. Nf3 Nge5 12. Nxe5 Nxe5 13. Be2 Nc6 14. Nd5 Qd6 15. Nb6 Qxd2 16. Bxd2 Rb8 17. c3 d6 18. h3 Be6 19. Rad1 Rfd8 20. Bf4 Bb3 21. Rd3 Bc2 22. Re3 e5 23. Bg3 Bh6 24. f4 Re8 25. Bd3 Bxd3 26. Rxd3 Rbd8 27. Bh4 Ne7 28. fxe5 g5 29. Bg3 dxe5 30. Rxd8 Rxd8 31. Bxe5 Rd2 32. Nc4 Re2 33. Nd6 Rxb2 34. Rxf7 Nc6 35. Bf6 g4 36. Rxb7 Ra2 37. hxg4 Ra1+ 38. Kf2 Ra2+ 39. Kf3 Ra1 40. g5 Bf8 41. Nf5 a5 42. Rc7 Nb8 43. Ne7+ Bxe7 44. Bxe7 Na6 45. Rc6 Nb8 46. Rc8+ Kf7 47. Rxb8 Kxe7 48. Rb7+ Kf8 49. Rxh7 Rxa3 50. Rc7 a4 51. Kf4 Rb3 52. Kf5 a3 53. Ra7 Rxc3 54. Kf6 Rc6+ 55. Kf5 Rc3 56. e5 Rc2 57. Rxa3 Rxg2 58. Ra4 Rb2 59. e6 Rf2+ 60. Rf4 Re2 61. Re4 Rf2+ 62. Kg6 Ke7 63. Kg7 Rh2 64. g6 Rh3 65. Rf4 Kxe6 66. Rf7 Rg3 67. Kh7 Rh3+ 68. Kg8 Rg3 69. g7 Rc3 70. Rf4 Rc8+ 71. Kh7 Rc7 72. Kg6 Rc6 73. Rf6+ 1-0

[Event "GER-ch U12"]
[Site "Willingen"]
[Date "2008.05.11"]
[Round "2"]
[White "Puffay, Jana"]
[Black "Helle, Samuel"]
[Result "0-1"]
[WhiteElo "1047"]
[BlackElo "1438"]
[PlyCount "66"]
[EventDate "2008.05.11"]
[EventType "swiss"]
[EventRounds "11"]
[EventCountry "GER"]
[SourceTitle "CBM 124 Extra"]
[Source "ChessBase"]
[SourceDate "2008.07.03"]
[SourceVersion "1"]
[SourceVersionDate "2008.07.03"]
[SourceQuality "1"]

1. e4 d5 2. exd5 Nf6 3. d4 Nxd5 4. Be2 Bf5 5. c3 e6 6. Nf3 c5 7. Be3 Nc6 8. 0-0 Be7 9. dxc5 Nxe3 10. fxe3 Bxc5 11. Qc1 Qb6 12. Kf2 Ne7 13. b4 Bd6 14. Qd2 Rd8 15. Qb2 Nd5 16. Nd4 0-0 17. a3 Nf6 18. h3 Ne4+ 19. Ke1 Bg3+ 20. Kd1 Nf2+ 21. Kc1 Bg6 22. Nd2 e5 23. N4f3 Qxe3 24. Bc4 Bd3 25. Re1 Qf4 26. Bb3 e4 27. Ng1 e3 28. Nf1 e2+ 29. Nd2 Ne4 30. Ra2 Bxe1 31. Ngf3 Nxd2 32. Nxd2 Bf5 33. Qa1 Rxd2 0-1